000 00798cab a2200253 4500
001 WB3515-05
008 090401t1999 xxu||||| |||| 00| 0 eng d
035 _a(Sirsi) u92846
041 _aeng
245 _aShortage is pushing up rents
260 _c1999
350 _a0
490 _aWestern Morning News
_v15 April 1999, 3(1)
520 _aA shortage of high quality office space in Exeter and Plymouth, coupled with increasing demand, is pushing up rents in the area.
650 _aDEVON
650 _aEXETER
650 _aPROPERTY-COMMERCIAL PROPERTY-OFFICE PROPERTY-OFFICE PROPERTY MARKET
650 _aOFFICE RENTS
650 _aPLYMOUTH
650 _aRENTAL LEVELS
690 _aPROPERTY-COMMERCIAL PROPERTY-COMMERCIAL PROPERTY MARKET
942 _n0
948 _c20/04/1999
999 _c58851
_d58851